Elenca la formazione - Quiz n°313 - Statistics

Statistiche generali
  • Questo quiz è stato fatto 43 volte
  • Il punteggio medio è 7 su 11
Statistiche sulle risposte
Ruolo Club dell'epoca Calciatore % Corretto
Attaccante Juventus David Trezeguet
95%
Difensore Juventus Lilian Thuram
92%
Attaccante Arsenal Thierry Henry
92%
Centrocampista Real Madrid Zinédine Zidane
89%
Portiere Olympique Marsiglia Fabien Barthez
76%
Centrocampista Chelsea Claude Makélélé
66%
Centrocampista Arsenal Robert Pirès
53%
Difensore Bayern Monaco Bixente Lizarazu
32%
Difensore Manchester United Mikaël Silvestre
24%
Difensore Chelsea William Gallas
21%
Centrocampista Roma Olivier Dacourt
18%
Nessun quiz corrispondente trovato
Distribuzione punteggi
Percentuale di utenti per punteggio
Percentile per numero di risposta
I tuoi punteggi nel tempo
Non hai fatto questo quiz